Grupos Geográficos de Cuatro #2 - Estadísticas

Estadísticas generales
  • Esta prueba ha sido intentada 3.852 veces
  • La puntuación promedio es 26 de 48
Estadísticas de respuestas
Pista Respuesta % Correcto
Las capitales de las naciones del Reino Unido Londres
98%
Los países donde mayormente se habla alemán Alemania
94%
Los mares que limitan con Turquía Mediterráneo
90%
Los mares que limitan con el mayor número de países Mediterráneo
90%
Los mares que limitan con Turquía Negro
88%
Los países que comienzan con U Uganda
83%
Los países donde mayormente se habla alemán Suiza
81%
Los países donde mayormente se habla alemán Austria
80%
Las capitales de las naciones del Reino Unido Edimburgo
75%
Los países insulares de Europa Malta
75%
Los países que comienzan con U Uzbekistán
75%
Los países insulares de Europa Islandia
71%
Los países insulares de Europa Reino Unido
71%
Los países que comienzan con U Uruguay
71%
Los países insulares de Europa Irlanda
69%
Los estados "Nuevos" de los EE. UU. Nuevo México
68%
Las áreas metropolitanas de México con una población de 3M o más Ciudad de México
67%
Las capitales de las naciones del Reino Unido Cardiff
65%
Los estados "Nuevos" de los EE. UU. Nueva York
64%
Las capitales de las naciones del Reino Unido Belfast
62%
Las capitales en el Danubio Budapest
62%
Las principales religiones con origen indio Budismo
61%
Los países donde mayormente se habla alemán Liechtenstein
61%
Los países que comienzan con U Ucrania
60%
Las principales religiones con origen indio Hinduismo
59%
Las capitales en el Danubio Viena
58%
Los valles del río con una civilización en 3000 a. C. Nilo
55%
Los estados "Nuevos" de los EE. UU. Nueva Jersey
54%
Los valles del río con una civilización en 3000 a. C. Tigris \ Éufrates
54%
Los mares que limitan con Turquía Egeo
48%
Los mares que limitan con el mayor número de países Caribe
46%
Las áreas metropolitanas de México con una población de 3M o más Guadalajara
46%
Los estados "Nuevos" de los EE. UU. Nuevo Hampshire
46%
Las capitales en el Danubio Bratislava
44%
Las áreas metropolitanas de México con una población de 3M o más Monterrey
37%
Las capitales en el Danubio Belgrado
36%
Los mares que limitan con el mayor número de países Báltico
32%
Los valles del río con una civilización en 3000 a. C. Amarillo
31%
Las provincias atlánticas de Canadá Terranova y Labrador
24%
Las áreas metropolitanas de México con una población de 3M o más Puebla-Tlaxcala
22%
Los mares que limitan con Turquía Mármara
19%
Los valles del río con una civilización en 3000 a. C. Indo
18%
Las provincias atlánticas de Canadá Nueva Escocia
17%
Las provincias atlánticas de Canadá Isla del Príncipe Eduardo
14%
Los mares que limitan con el mayor número de países China Meridional
12%
Las provincias atlánticas de Canadá Nuevo Brunswick
10%
Las principales religiones con origen indio Sijismo
9%
Las principales religiones con origen indio Jainismo
7%
No se encontraron pruebas coincidentes
Distribución de puntuación
Porcentaje de gente con cada puntuación
Porcentaje por número respondido
Historial de tus puntuaciones
No has intentado esta prueba.